[Event "Treviso op-C 4th"]
[Site "Treviso"]
[Date "2023.04.02"]
[Round "5"]
[White "Barbuio, Giovanni"]
[Black "Huang, Andy1"]
[Result "1-0"]
[WhiteElo "1209"]
[BlackElo "999"]
[PlyCount "121"]
[EventDate "2023.03.31"]
[EventType "swiss"]
[EventRounds "5"]
[EventCountry "ITA"]
[SourceTitle "EXT 2024"]
[Source "ChessBase"]
[SourceDate "2023.10.10"]
[SourceVersion "1"]
[SourceVersionDate "2023.10.10"]
[SourceQuality "1"]

1. e4 d6 2. d4 Nf6 3. Nd2 g6 4. Bd3 Bg7 5. Nb3 Nbd7 6. f3 c5 7. Be3 b6 8. Ne2 cxd4 9. Nbxd4 Nc5 10. 0-0 0-0 11. b4 Nxd3 12. cxd3 Bb7 13. Rc1 Nd7 14. Nc6 Bxc6 15. Rxc6 a5 16. b5 a4 17. a3 Nc5 18. d4 Nb3 19. Qb1 Ra5 20. Qd3 Qb8 21. Nc1 Qa7 22. Qc4 Re8 23. Rf2 Bf8 24. Rc2 Kg7 25. Rc7 Qa8 26. d5 Nc5 27. Nd3 e6 28. dxe6 Rxe6 29. Nxc5 Re7 30. Rxe7 Bxe7 31. Nd3 Qe8 32. Qc6 Qf8 33. Bxb6 Ra8 34. Bd4+ Kg8 35. b6 d5 36. Bc5 Rc8 37. Qxd5 Qh6 38. b7 Bxc5+ 39. Nxc5 Qe3+ 40. Kf1 Re8 41. Qd3 Qh6 42. Qd2 Qxh2 43. Rb2 Qh1+ 44. Kf2 Qh4+ 45. Ke2 Qg3 46. Kf1 Qh2 47. Nd7 Qh1+ 48. Kf2 Qh4+ 49. Ke2 Qh2 50. Nf6+ Kf8 51. Nxe8 Qxg2+ 52. Kd3 Qxf3+ 53. Kd4 Qh3 54. b8Q Qd7+ 55. Nd6+ Kg7 56. Qf4 f5 57. Qe5+ Kh6 58. Qf8+ Kg5 59. Qff6+ Kg4 60. Rg2+ Kf3 61. Qg3# 1-0